01820nam a2200385 a 4500001001000000003000900010005001700019007000300036008004100039020001800080040002500098049000900123082001800132100003800150245008000188260005700268300002100325490003700346500003500383504005600418650002800474650003100502651008400533700004200617700003200659830004400691910003700735942001400772952013100786952013100917952013101048952011601179952012201295999001701417000031982DO-SdBNP20240530073935.0ta110707s2012 dr 001 e spa d a9789945074598 aDO-SdBNPbspacBNPHU aBNPD a972.93bD293a1 aDeschamps, Eugenio,d1861-95814410aAntología /cEugenio Dsechamps ; editores Roberto Cassá, Betty Almonte. aSanto Domingo :bArchivo General de Nación,c2012. a590 p. ;c24 cm.1 aArchivo General de Naciónv164 aIncluye índice onomástico. aIncluye bibliografía y notas al pie de páginas. 0aEnsayos dominicanos965 0aLiteratura dominicana.967 4aRepública DominicanaxHistoriay1844-1930xEnsayos, Conferencias, Etc.9385621 aCassá, Roberto, d1948-eed.9108881 aAlmonte, Betty,eed.958145 0aArchivo General de Naciónv164949342 aValidado. Control de calidad EMS 2ddccLBS1 001054708DSaGRbGRcHDd2013-03-01iLF1l0o972.93 D293ap31982-30r2020-06-25te. 3w2020-06-25yLFDSZPréstamo en sala 001054708DSaGRbGRcHDd2013-05-02iLF1l0o972.93 D293ap31982-40r2020-06-25te. 4w2020-06-25yLFDSZPréstamo en sala 001054708DSaGRbGRcHDd2015-08-17iLF1l0o972.93 D293ap31982-50r2020-06-25te. 5w2020-06-25yLFDSZPréstamo en sala 0010718PDaPDbPDcHDd2011-07-07iLF1l0o972.93 D293ap31982-10r2020-06-25w2020-06-25yLFPDZNo se presta 0010718PDaPDbPDcHDd2013-03-01iLF1l0o972.93 D293ap31982-20r2020-06-25te. 2w2020-06-25yLFPDZNo se presta c31473d31473